000 00507nam a2200169 4500
001 110320
003 ES-MaACL
005 20230906185027.0
007 t|
008 061121s1970 sp r ||||1| spa d
110 2 _aBurgos.
_bAyuntamiento.
_92257
245 1 0 _aOrdenanzas de exacciones municipales /
_cAyuntamiento de Burgos.
260 _aBurgos :
_bH. de Santiago Rodríguez,
_c1970.
300 _a234 p. ;
_c24 cm.
710 2 _aBurgos.
_bAyuntamiento.
_92257
852 _aES-MaACL
_jC-41778
_bR.73573
999 _c110320
_d110320